<?xml version="1.0" encoding="UTF-8"?><?xml-stylesheet type="text/xsl" href="static/style.xsl"?><OAI-PMH xmlns="http://www.openarchives.org/OAI/2.0/" xmlns:xsi="http://www.w3.org/2001/XMLSchema-instance" xsi:schemaLocation="http://www.openarchives.org/OAI/2.0/ http://www.openarchives.org/OAI/2.0/OAI-PMH.xsd"><responseDate>2026-04-14T17:27:32Z</responseDate><request verb="GetRecord" identifier="oai:uvadoc.uva.es:10324/63005" metadataPrefix="marc">https://uvadoc.uva.es/oai/request</request><GetRecord><record><header><identifier>oai:uvadoc.uva.es:10324/63005</identifier><datestamp>2023-11-15T20:02:32Z</datestamp><setSpec>com_10324_38</setSpec><setSpec>col_10324_852</setSpec></header><metadata><record xmlns="http://www.loc.gov/MARC21/slim" xmlns:doc="http://www.lyncode.com/xoai" xmlns:xsi="http://www.w3.org/2001/XMLSchema-instance" xmlns:dcterms="http://purl.org/dc/terms/" xsi:schemaLocation="http://www.loc.gov/MARC21/slim http://www.loc.gov/standards/marcxml/schema/MARC21slim.xsd">
<leader>00925njm 22002777a 4500</leader>
<datafield tag="042" ind1=" " ind2=" ">
<subfield code="a">dc</subfield>
</datafield>
<datafield tag="720" ind1=" " ind2=" ">
<subfield code="a">Prieto Bermejo, Pilar</subfield>
<subfield code="e">author</subfield>
</datafield>
<datafield tag="260" ind1=" " ind2=" ">
<subfield code="c">2023</subfield>
</datafield>
<datafield tag="520" ind1=" " ind2=" ">
<subfield code="a">El presente trabajo trata de la implantación del registro de jornada en España y de la inspección de trabajo realizada en las empresas conocidas como Big&#xd;
Four.&#xd;
En 2019 se introdujo la obligatoriedad de llevar un registro de jornada de todos los trabajadores como consecuencia de una sentencia dictada por el&#xd;
Tribunal de Justicia Europeo.&#xd;
El registro de jornada se convierte en un medio de prueba contra el fraude de las horas extraordinarias y una herramienta para combatirlas, que&#xd;
reclamaba la Inspección de Trabajo y Seguridad Social.&#xd;
Ante el exceso de horas extraordinarias detectado el Ministerio de Trabajo puso en marcha un algoritmo para detectar las posibles irregularidades. En&#xd;
noviembre de 2022 en una de las múltiples actuaciones la Inspección de Trabajo y Seguridad Social se persono en las empresas conocidas como Big&#xd;
Four para comprobar el registro de jornada y el tratamiento de las horas extraordinarias, es decir, si eran compensadas con tiempo de descanso o&#xd;
remuneradas</subfield>
</datafield>
<datafield tag="024" ind2=" " ind1="8">
<subfield code="a">https://uvadoc.uva.es/handle/10324/63005</subfield>
</datafield>
<datafield tag="245" ind1="0" ind2="0">
<subfield code="a">Registro de jornada. Actuaciones de control en las "Big Four"</subfield>
</datafield>
</record></metadata></record></GetRecord></OAI-PMH>